Les voiture préférées des français - Statistiques

Statistiques générales
  • Ce quiz a été pris 694 fois
  • Le résultat moyen est 13 sur 20
Statistiques - réponses
Nombres d'exemplaires Marques Modèles % Correct
117 541 Renault Clio
93%
97 663 Peugeot 208
84%
67 276 Citroen C3
84%
30 544 Volkswagen Golf
82%
74 297 Peugeot 3008
79%
32 985 Volkswagen Polo
78%
66 163 Peugeot 308
75%
37 042 Dacia Duster
75%
61 481 Dacia Sandero
75%
22 951 Opel Corsa
74%
51 536 Renault Mégane
72%
67 979 Peugeot 2008
65%
31 415 Toyota Yaris
65%
39 022 Renault Twingo
54%
26 537 Renault Scénic
48%
68 773 Renault Captur
46%
25 286 Volkswagen Tiguan
39%
26 570 Nissan Qashqai
32%
31 522 Renault Kadjar
28%
25 917 Citroen C4 Picasso
14%
Aucun quiz correspondant
Distribution des résultats
% des personnes avec chaque résultat
Percentile par nombre de réponses
Votre historique - résultats
Vous n’avez pas pris ce quiz